| 000 | 01391nac a22003011u 4500 | ||
|---|---|---|---|
| 003 | EG-ScBUE | ||
| 005 | 20211118134520.0 | ||
| 008 | 200219t1964 mau f b 000 0 eng d | ||
| 040 |
_aEG-ScBUE _beng _erda _cEG-ScBUE _dEG-ScBUE |
||
| 082 | 0 | 4 |
_a811.5209 _bCON _222 |
| 100 | _a | ||
| 245 | 0 | 4 |
_aThe contemporary poet as artist and critic : _beight symposia / _cedited by Anthony Ostroff. |
| 264 | 1 |
_aBoston : _bLittle, Brown and Company, _c[1964] |
|
| 264 | 4 | _cc1964 | |
| 300 |
_axii, 236 pages ; _c22 cm |
||
| 336 |
_2rdacontent _atext _btxt |
||
| 337 |
_2rdamedia _aunmediated _bn |
||
| 338 |
_2rdacarrier _avolume _bnc |
||
| 504 | _aIncludes bibliographical references. | ||
| 505 | 0 | _aOn Richard Wilbur's "Love calls us to the things of this world."--On Theodore Roethke's "In a dark time."--On Stanley Kunitz's "Father and son."--On Robert Lowell's "Skunk hour."--On John Crowe Ransom's "Master's in the garden again."--On Richard Eberharts "Am I my neighbor's keeper?"--On W. H. Auden's "A change of air."--On Karl Shapiro's "The bourgeois poet."--Notes and bibliography (p. 217-236) | |
| 650 | 7 |
_aAmerican poetry _y20th century _xHistory and criticism. _2BUEsh |
|
| 651 | _2BUEsh | ||
| 653 |
_bHHUUEENN _cNovember2021 |
||
| 655 |
_vReading book _934232 |
||
| 700 | 1 |
_aOstroff, Anthony, _d1923-1978, _eeditor. |
|
| 942 |
_cBB _2ddc |
||
| 999 |
_c1746 _d1746 |
||